000
00305nam a2200121Ia 4500
008
221007s9999 xx 000 0 und d
041
_a
eng
082
_b
HUS
100
_a
Chandavarkar B.,Composer
_9
97010
245
4
_a
The Elements Fire
260
_c
2011
_b
The India Today Group
_a
Delhi
906
_b
General
999
_c
61495
_d
61495